Sustainable Food and Nutrition Security in National Economy (Record no. 17113)
[ view plain ]
| 000 -LEADER | |
|---|---|
| fixed length control field | 00290nam a22001097a 4500 |
| 008 - FIXED-LENGTH DATA ELEMENTS--GENERAL INFORMATION | |
| fixed length control field | 140526t xxu||||| |||| 00| 0 eng d |
| 020 ## - INTERNATIONAL STANDARD BOOK NUMBER | |
| International Standard Book Number | 978-81-7754-402-2 |
| 100 ## - MAIN ENTRY--PERSONAL NAME | |
| Personal name | S.C. Panda |
| 9 (RLIN) | 870 |
| 245 ## - TITLE STATEMENT | |
| Title | Sustainable Food and Nutrition Security in National Economy |
| 300 ## - PHYSICAL DESCRIPTION | |
| Extent | 481 |
| 942 ## - ADDED ENTRY ELEMENTS (KOHA) | |
| Source of classification or shelving scheme | |
| Koha item type | Book |
| Withdrawn status | Lost status | Source of classification or shelving scheme | Damaged status | Not for loan | Collection code | Permanent Location | Current Location | Date acquired | Total Checkouts | Full call number | Barcode | Date last seen | Price effective from | Koha item type |
|---|---|---|---|---|---|---|---|---|---|---|---|---|---|---|
| Atta-ur-Rahman School of Applied Biosciences (ASAB) | Atta-ur-Rahman School of Applied Biosciences (ASAB) | 05/26/2014 | 338 PAN | ASAB2161 | 05/26/2014 | 05/26/2014 | Book |
